000 00424nam a2200181Ia 4500
001 22654
005 20260414150845.0
008 260414t2006||||xx |||||||||||||| ||spa||
041 _aESP
082 _a621.3827
_bE35
100 _aEl-Bawab, Tarek S.
_eAUT
245 0 _aOptical switching
_b
260 _c2006
300 _axxii, 451 páginas :
_c24 cm.
650 _aTCA
654 _aCET
942 _cLIB
_dJUS
_fJUS
_2ddc
_n
999 _c22654
_d22654